McGraw-Hill encyclopedia of science & technology. (Record no. 5586)

MARC details
000 -LEADER
fixed length control field 01670nac a22003611i 4500
003 - CONTROL NUMBER IDENTIFIER
control field EG-ScBUE
005 - DATE AND TIME OF LATEST TRANSACTION
control field 20241002110414.0
008 - FIXED-LENGTH DATA ELEMENTS--GENERAL INFORMATION
fixed length control field 120119s2007 nyuab f be 001 0 eng d
020 ## - INTERNATIONAL STANDARD BOOK NUMBER
International Standard Book Number 9780071441438 (alk. paper)
020 ## - INTERNATIONAL STANDARD BOOK NUMBER
International Standard Book Number 0071441433
040 ## - CATALOGING SOURCE
Original cataloging agency EG-ScBUE
Language of cataloging eng
Description conventions rda
Transcribing agency EG-ScBUE
Modifying agency EG-ScBUE
082 04 - DEWEY DECIMAL CLASSIFICATION NUMBER
Classification number 503
Edition number 22
Item number MCG
245 00 - TITLE STATEMENT
Title McGraw-Hill encyclopedia of science & technology.
246 30 - VARYING FORM OF TITLE
Title proper/short title Encyclopedia of science & technology
246 30 - VARYING FORM OF TITLE
Title proper/short title McGraw-Hill encyclopedia of science and technology
246 30 - VARYING FORM OF TITLE
Title proper/short title Encyclopedia of science and technology
250 ## - EDITION STATEMENT
Edition statement Tenth edition.
264 #1 - PUBLICATION, DISTRIBUTION, ETC. (IMPRINT)
Place of publication, distribution, etc New York :
Name of publisher, distributor, etc McGraw-Hill,
Date of publication, distribution, etc [2007]
264 #4 - PUBLICATION, DISTRIBUTION, ETC. (IMPRINT)
Date of publication, distribution, etc c2007
300 ## - PHYSICAL DESCRIPTION
Extent 20 volumes :
Other physical details illustrations (some color), maps (some color) ;
Dimensions 29 cm
336 ## - CONTENT TYPE
Source rdacontent
Content type term text
Content type code txt
337 ## - MEDIA TYPE
Media type term unmediated
Source rdamedia
Media type code n
338 ## - CARRIER TYPE
Carrier type term volume
Carrier type code nc
Source rdacarrier
504 ## - BIBLIOGRAPHY, ETC. NOTE
Bibliography, etc Includes bibliographical references and index.
505 0# - FORMATTED CONTENTS NOTE
Formatted contents note Volume 1 -- Volume 2 -- Volume 3 -- Volume 4 -- Volume 5 -- Volume 6 -- Volume 7 -- Volume 8 -- Volume 9 -- Volume 10 -- Volume 11 -- Volume 12 -- Volume 13 -- Volume 14 -- Volume 15 -- Volume 16 -- Volume 17 -- Volume 18 -- Volume 19 -- Volume 20.
650 #7 - SUBJECT ADDED ENTRY--TOPICAL TERM
Topical term or geographic name as entry element Science
Form subdivision Encyclopedias.
Source of heading or term BUEsh
9 (RLIN) 28430
650 #7 - SUBJECT ADDED ENTRY--TOPICAL TERM
Topical term or geographic name as entry element Technology
Form subdivision Encyclopedias.
Source of heading or term BUEsh
9 (RLIN) 28431
655 ## - INDEX TERM--GENRE/FORM
Form subdivision Reading book
856 41 - ELECTRONIC LOCATION AND ACCESS
Materials specified Table of contents only
Uniform Resource Identifier <a href="http://www.loc.gov/catdir/toc/ecip0710/2007006137.html">http://www.loc.gov/catdir/toc/ecip0710/2007006137.html</a>
856 41 - ELECTRONIC LOCATION AND ACCESS
Materials specified Contributor biographical information
Uniform Resource Identifier <a href="http://www.loc.gov/catdir/enhancements/fy0801/2007006137-b.html">http://www.loc.gov/catdir/enhancements/fy0801/2007006137-b.html</a>
856 41 - ELECTRONIC LOCATION AND ACCESS
Materials specified Publisher description
Uniform Resource Identifier <a href="http://www.loc.gov/catdir/enhancements/fy0801/2007006137-d.html">http://www.loc.gov/catdir/enhancements/fy0801/2007006137-d.html</a>
942 ## - ADDED ENTRY ELEMENTS (KOHA)
Koha item type Reference (NB)
Source of classification or shelving scheme Dewey Decimal Classification
Holdings
Withdrawn status Lost status Source of classification or shelving scheme Damaged status Not for loan Collection code Home library Current library Shelving location Date acquired Source of acquisition Total Checkouts Full call number Barcode Date last seen Price effective from Koha item type Public note
    Dewey Decimal Classification     Alahram Central Library Central Library Ground Floor 31/10/2007 Purchase   503 MCG 000006681 15/07/2025 31/10/2007 Reference (NB) 1 AAR-ANO
    Dewey Decimal Classification     Alahram Central Library Central Library Ground Floor 31/10/2007 Purchase   503 MCG 000006680 15/07/2025 31/10/2007 Reference (NB) 2 ANS-BIN
    Dewey Decimal Classification     Alahram Central Library Central Library Ground Floor 31/10/2007 Purchase   503 MCG 000006626 15/07/2025 31/10/2007 Reference (NB) 3 BIO-CHA
    Dewey Decimal Classification     Alahram Central Library Central Library Ground Floor 31/10/2007 Purchase   503 MCG 000006668 15/07/2025 31/10/2007 Reference (NB) 4 CHE-COS
    Dewey Decimal Classification     Alahram Central Library Central Library Ground Floor 31/10/2007 Purchase   503 MCG 000006634 15/07/2025 31/10/2007 Reference (NB) 5 COT-EAT
    Dewey Decimal Classification     Alahram Central Library Central Library Ground Floor 31/10/2007 Purchase   503 MCG 000006670 15/07/2025 31/10/2007 Reference (NB) 6 EBE-EYE
    Dewey Decimal Classification     Alahram Central Library Central Library Ground Floor 31/10/2007 Purchase   503 MCG 000006671 15/07/2025 31/10/2007 Reference (NB) 7 FAB-GEN
    Dewey Decimal Classification     Alahram Central Library Central Library Ground Floor 31/10/2007 Purchase   503 MCG 000006663 15/07/2025 31/10/2007 Reference (NB) 8 GEO-HYS
    Dewey Decimal Classification     Alahram Central Library Central Library Ground Floor 31/10/2007 Purchase   503 MCG 000006672 15/07/2025 31/10/2007 Reference (NB) 9 ICE-LEV
    Dewey Decimal Classification     Alahram Central Library Central Library Ground Floor 31/10/2007 Purchase   503 MCG 000006673 15/07/2025 31/10/2007 Reference (NB) 10 LIB-META
    Dewey Decimal Classification     Alahram Central Library Central Library Ground Floor 31/10/2007 Purchase   503 MCG 000006632 15/07/2025 31/10/2007 Reference (NB) 15 RAB-RYE
    Dewey Decimal Classification     Alahram Central Library Central Library Ground Floor 31/10/2007 Purchase   503 MCG 000006633 15/07/2025 31/10/2007 Reference (NB) 16 SAB-SON
    Dewey Decimal Classification     Alahram Central Library Central Library Ground Floor 31/10/2007 Purchase   503 MCG 000006645 15/07/2025 31/10/2007 Reference (NB) 18 SUR-TYP
    Dewey Decimal Classification     Alahram Central Library Central Library Ground Floor 31/10/2007 Purchase   503 MCG 000006646 15/07/2025 31/10/2007 Reference (NB) 17 SOR-SUP
    Dewey Decimal Classification     Alahram Central Library Central Library Ground Floor 31/10/2007 Purchase   503 MCG 000006642 15/07/2025 31/10/2007 Reference (NB) 20 INDEX
    Dewey Decimal Classification     Alahram Central Library Central Library Ground Floor 31/10/2007 Purchase   503 MCG 000006695 15/07/2025 31/10/2007 Reference (NB) 19 ULC-ZYG
    Dewey Decimal Classification     Alahram Central Library Central Library Ground Floor 31/10/2007 Purchase   503 MCG 000006679 15/07/2025 31/10/2007 Reference (NB) 14 PLAS-QUI
    Dewey Decimal Classification     Alahram Central Library Central Library Ground Floor 31/10/2007 Purchase   503 MCG 000006696 15/07/2025 31/10/2007 Reference (NB) 13 PAR-PLAN
    Dewey Decimal Classification     Alahram Central Library Central Library Ground Floor 31/10/2007 Purchase   503 MCG 000006652 15/07/2025 31/10/2007 Reference (NB) 12 NOB-PAP
    Dewey Decimal Classification     Alahram Central Library Central Library Ground Floor 31/10/2007 Purchase   503 MCG 000006697 15/07/2025 31/10/2007 Reference (NB) 11 METE-NIT